000 00499nam a2200181Ia 4500
005 20250326143010.0
008 250326s9999 xx 000 0 und d
037 _aTextbook
040 _aFMSL
_beng
_cFMSL
041 _aeng
_2eng
084 _aD658(B) N7
_qFMSL
100 _aSanders C
_9298409
245 0 _aBuilding VRML Worlds
_cSanders C And Others
260 _aN Y
_bN Y, Osborne McGraw Hill
_c1997
300 _a381p
942 _cTB
_hD658(B) N7
999 _c1297650
_d1297650